Dictamen 1-2023 sobre el Anteproyecto de Ley de acciones de representación para la protección de los intereses colectivos de los consumidores (Registro nro. 52653)
[ vista simple ]
| 000 -CABECERA | |
|---|---|
| Longitud fija campo de control | 01262nam a2200325 c 4500 |
| 001 - NÚMERO DE CONTROL | |
| Número de control | 52653 |
| 003 - IDENTIFICADOR DE NÚMERO DE CONTROL | |
| Identificador del número de control | ES-MaCES |
| 005 - FECHA Y HORA DE LA ÚLTIMA TRANSACCIÓN | |
| Fecha y hora de la última transacción | 20240527115739.0 |
| 007 - PHYSICAL DESCRIPTION FIXED FIELD--GENERAL INFORMAT | |
| Campo fijo de descripción física | cr ||||||||||| |
| 008 - CAMPO FIJO DE DESCRIPCIÓN FIJA--INFORMACIÓN GENERAL | |
| Códigos de información de longitud fija | 230127s2023 sp rl o000 | spa d |
| 040 ## - FUENTE DE CATALOGACIÓN | |
| Centro catalogador de origen | ES-MaCES |
| Lengua de catalogación | spa |
| Centro transcriptor | ES-MaCES |
| 245 10 - MENCIÓN DE TÍTULO | |
| Título | Dictamen 1-2023 sobre el Anteproyecto de Ley de acciones de representación para la protección de los intereses colectivos de los consumidores |
| 300 ## - DESCRIPCIÓN FÍSICA | |
| Extensión | 19 p. (153 kb) |
| 593 ## - CES. DATOS DICTAMEN | |
| Comisión de trabajo | Salud, Consumo, Asuntos Sociales, Educación y Cultura |
| Fecha dictamen | 20230125 |
| Identificador | D-001-2023 |
| Tipo trámite | Urgente |
| Tipo sesión | Pleno ordinario |
| Votos aprobados | Presentes (54): (53) sí, (0) no, (1) abst. |
| 650 #4 - ASIENTO SECUNDARIO DE MATERIA--TÉRMINO DE MATERIA | |
| Término de materia o nombre geográfico como elemento inicial | consumidor |
| 9 (RLIN) | 27902 |
| 650 #4 - ASIENTO SECUNDARIO DE MATERIA--TÉRMINO DE MATERIA | |
| Término de materia o nombre geográfico como elemento inicial | protección del consumidor |
| 9 (RLIN) | 29407 |
| 650 #4 - ASIENTO SECUNDARIO DE MATERIA--TÉRMINO DE MATERIA | |
| Término de materia o nombre geográfico como elemento inicial | Directiva de la CE |
| 9 (RLIN) | 29873 |
| 650 #4 - ASIENTO SECUNDARIO DE MATERIA--TÉRMINO DE MATERIA | |
| Término de materia o nombre geográfico como elemento inicial | armonización |
| 9 (RLIN) | 29884 |
| 650 #4 - ASIENTO SECUNDARIO DE MATERIA--TÉRMINO DE MATERIA | |
| Término de materia o nombre geográfico como elemento inicial | derecho comunitario |
| 9 (RLIN) | 29866 |
| 650 #4 - ASIENTO SECUNDARIO DE MATERIA--TÉRMINO DE MATERIA | |
| Término de materia o nombre geográfico como elemento inicial | derecho civil |
| 9 (RLIN) | 27156 |
| 650 #4 - ASIENTO SECUNDARIO DE MATERIA--TÉRMINO DE MATERIA | |
| Término de materia o nombre geográfico como elemento inicial | España |
| 9 (RLIN) | 26964 |
| 650 #4 - ASIENTO SECUNDARIO DE MATERIA--TÉRMINO DE MATERIA | |
| Término de materia o nombre geográfico como elemento inicial | régimen jurídico |
| 9 (RLIN) | 29894 |
| 653 10 - TÉRMINO DE INDEXACIÓN--NO CONTROLADO | |
| Término no controlado | Consumo |
| 700 12 - ENCABEZAMIENTO SECUNDARIO--NOMBRE PERSONAL | |
| 9 (RLIN) | 17949 |
| Nombre de persona | Martín Galicia, Félix |
| Término indicativo de función | ponente |
| 710 1# - ENCABEZAMIENTO SECUNDARIO--NOMBRE CORPORATIVO | |
| 9 (RLIN) | 3251 |
| Nombre de entidad o nombre de jurisdicción como elemento inicial | España |
| Unidad subordinada | Ministerio de Justicia |
| Término indicativo de función | solicitante |
| 710 1# - ENCABEZAMIENTO SECUNDARIO--NOMBRE CORPORATIVO | |
| 9 (RLIN) | 40167 |
| Nombre de entidad o nombre de jurisdicción como elemento inicial | España |
| Unidad subordinada | Ministerio de Consumo |
| Término indicativo de función | solicitante |
| 856 4# - ACCESO ELECTRÓNICO | |
| Identificador Uniforme del Recurso (URI) | <a href="http://www.ces.es/documents/DIC/2023/01">http://www.ces.es/documents/DIC/2023/01</a> |
| Texto del enlace | texto completo |
| 902 ## - CES. TIPO DE DOCUMENTO | |
| Tipodoc (006$c Sirtex) | Dictamen CES |
| 942 ## - ELEMENTOS KOHA | |
| Fuente de clasificaión o esquema | Clasificación propia del CES |
| Koha [por defecto] tipo de item | Dictámenes/Informes/Memorias CES |
| Parte de clasificación | Consumo |
No hay ítems disponibles.
